<?xml version="1.0" encoding="UTF-8"?>
<record
    xmlns:xsi="http://www.w3.org/2001/XMLSchema-instance"
    xsi:schemaLocation="http://www.loc.gov/MARC21/slim http://www.loc.gov/standards/marcxml/schema/MARC21slim.xsd"
    xmlns="http://www.loc.gov/MARC21/slim">

  <leader>00662nam a22001697a 4500</leader>
  <controlfield tag="003">LK-CoDNM</controlfield>
  <controlfield tag="005">20251021113246.0</controlfield>
  <controlfield tag="008">251021b        |||||||| |||| 00| 0 eng d</controlfield>
  <datafield tag="020" ind1=" " ind2=" ">
    <subfield code="a">9786240012515</subfield>
  </datafield>
  <datafield tag="040" ind1=" " ind2=" ">
    <subfield code="a">LK-CoDNM</subfield>
    <subfield code="d">LK-CoDNM</subfield>
    <subfield code="e">LK-CoDNM</subfield>
  </datafield>
  <datafield tag="080" ind1=" " ind2=" ">
    <subfield code="a">378</subfield>
    <subfield code="b">SEN</subfield>
  </datafield>
  <datafield tag="100" ind1=" " ind2=" ">
    <subfield code="a">&#xDC3;&#xDDA;&#xDB1;&#xDCF;&#xDB0;&#xDD3;&#xDBB;,&#xDB8;&#xDBD;&#xDCA;&#xDC0;&#xDD3;,   &#xDC3;&#xDC4; &#xD91;&#xDB1;&#xDCA;.&#xDA7;&#xDD3;.&#xD91;&#xDC3;&#xDCA;.&#xD92; &#xDC3;&#xDDA;&#xDB1;&#xDCF;&#xDB0;&#xDD3;&#xDBB;</subfield>
  </datafield>
  <datafield tag="245" ind1=" " ind2=" ">
    <subfield code="a">&#xDC1;&#xDCA;&#x200D;&#xDBB;&#xDD3; &#xDBD;&#xD82;&#xD9A;&#xDCF;&#xDC0;&#xDDA; &#xDC0;&#xDD2;&#xDC1;&#xDCA;&#xDC0;&#xDC0;&#xDD2;&#xDAF;&#xDCA;&#x200D;&#xDBA;&#xDCF;&#xDBD; &#xD85;&#xDB0;&#xDCA;&#x200D;&#xDBA;&#xDCF;&#xDB4;&#xDB1;&#xDBA;&#xDD9;&#xDC4;&#xDD2; &#xD86;&#xDBB;&#xDB8;&#xDCA;&#xDB7;&#xDBA; &#xDC0;&#xDBB;&#xDCA;&#xDB0;&#xDB1;&#xDBA; &#xDC3;&#xDC4; &#xDC0;&#xDD9;&#xDB1;&#xDC3;&#xDCA;&#xDC0;&#xDD3;&#xDB8;&#xDCA;</subfield>
  </datafield>
  <datafield tag="260" ind1=" " ind2=" ">
    <subfield code="a">colombo</subfield>
    <subfield code="b">godage </subfield>
    <subfield code="c">2021</subfield>
  </datafield>
  <datafield tag="300" ind1=" " ind2=" ">
    <subfield code="a">200p,21cm</subfield>
  </datafield>
  <datafield tag="942" ind1=" " ind2=" ">
    <subfield code="c">BK</subfield>
  </datafield>
  <datafield tag="952" ind1=" " ind2=" ">
    <subfield code="0">0</subfield>
    <subfield code="1">0</subfield>
    <subfield code="4">0</subfield>
    <subfield code="7">0</subfield>
    <subfield code="8">MONO</subfield>
    <subfield code="a">MAIN</subfield>
    <subfield code="b">MAIN</subfield>
    <subfield code="c">REF</subfield>
    <subfield code="d">2025-10-21</subfield>
    <subfield code="l">0</subfield>
    <subfield code="o">378 SEN</subfield>
    <subfield code="p">173908</subfield>
    <subfield code="r">2025-10-21</subfield>
    <subfield code="w">2025-10-21</subfield>
    <subfield code="y">BK</subfield>
  </datafield>
  <datafield tag="999" ind1=" " ind2=" ">
    <subfield code="c">240314</subfield>
    <subfield code="d">240314</subfield>
  </datafield>
</record>
